000 00658cam a2200253 4500
008 090401t1993 xxu||||| |||| 00| 0 eng d
020 _a0922154112
035 _a(Sirsi) u37068
041 _aeng
050 _a333.3320973
100 _aLovell, Douglas D.
245 _aSubdivision analysis.
260 _aChicago, Illinois
_bAppraisal Institute
_c1993
300 _aix,120p. : ill. ; 26cm.
350 _a0
650 _aLAND SUBDIVISIONS
650 _aSUBDIVISIONS
650 _aUNITED STATES OF AMERICA
650 _aValuation
_96273
690 _aRATING AND VALUATION
700 _aMartin, Robert S.
942 _n0
948 _c04/03/1997
999 _c90429
_d90429